000 00313nam a22001337a 4500
008 210225b ||||| |||| 00| 0 eng d
020 _a9780130812940
041 _aeng
080 _25th
_a32
100 _a21
101 _aSHK
245 _aComputer Organization and Architecture
_cStallings,W
942 _2udc
_cBK
999 _c55219
_d55219